Law and practice of third party planning appeals in the Republic of Ireland (Record no. 61915)

MARC details
000 -LEADER
fixed length control field 00847cam a2200205 4500
001 - CONTROL NUMBER
control field X103032
008 - FIXED-LENGTH DATA ELEMENTS--GENERAL INFORMATION
fixed length control field 000000n1999 000 0 eng u
035 ## - SYSTEM CONTROL NUMBER
System control number (Sirsi) u103032
100 ## - MAIN ENTRY--PERSONAL NAME
Personal name Grist, B
245 ## - TITLE STATEMENT
Title Law and practice of third party planning appeals in the Republic of Ireland
260 ## - PUBLICATION, DISTRIBUTION, ETC.
Date of publication, distribution, etc. 1999
490 ## - SERIES STATEMENT
Series statement Scottish Planning and Environmental Law
Volume/sequential designation (75) October 1999, 102-105 (4)
520 ## - SUMMARY, ETC.
Summary, etc. Describes the third party appeal system as it relates to the planning procedure in Ireland. Provides an example of a successful third party appeal through the case of the seaside resort of Mulranny in County Mayo
650 ## - SUBJECT ADDED ENTRY--TOPICAL TERM
Topical term or geographic name entry element THIRD PARTY RIGHT OF APPEAL
650 ## - SUBJECT ADDED ENTRY--TOPICAL TERM
Topical term or geographic name entry element IRELAND
650 ## - SUBJECT ADDED ENTRY--TOPICAL TERM
Topical term or geographic name entry element PLANNING PROCESS
650 ## - SUBJECT ADDED ENTRY--TOPICAL TERM
Topical term or geographic name entry element DEVELOPMENT CONTROL
690 ## - LOCAL SUBJECT ADDED ENTRY--TOPICAL TERM (OCLC, RLIN)
Topical term or geographic name as entry element ENVIRONMENTAL AND LAND CONSULTANCY-PLANNING AND DEVELOPMENT
942 ## - ADDED ENTRY ELEMENTS (KOHA)
Suppress in OPAC 0
Holdings
Withdrawn status Lost status Source of classification or shelving scheme Damaged status Not for loan Home library Current library Shelving location Date acquired Total Checkouts Full call number Barcode Date last seen Copy number Price effective from Koha item type
    Dewey Decimal Classification     London London Journal article 03/12/1999   X103032 103032-1001 06/08/2019 1 06/08/2019 Journal article